000
00508nam a2200169Ia 4500
008
090711s9999 xx 000 0 und d
082
_b
12208
100
_a
बाळकराम
245
_a
रिकामपणSाी कामगिरी
260
_c
1937
300
_a
84
600
_a
बाळकराम
630
_a
रिकामपणSाी कामगिरी
700
_a
बाळकराम
730
_a
रिकामपणSाी कामगिरी
942
_c
BOOK
999
_c
298436
_d
298436